Statistics for Countries by Pictures of Police Forces

Click here to take the quiz!

General Stats

  • This quiz has been taken 136 times
  • The average score is 10 of 15

Answer Stats

Answer% Correct
United States
89%
Canada
87%
United Kingdom
86%
United Arab Emirates
82%
China
78%
France
77%
India
77%
Italy
67%
Russia
66%
Germany
52%
Sweden
46%
Brazil
39%
Thailand
39%
Australia
38%
Spain
34%

Score Distribution

Percentile by Number Answered

Percent of People with Each Score

Your Score History

You have not taken this quiz